[Event "Sparkassen-Open A"]
[Site "Heusenstamm, Martinsee"]
[Date "2018.11.23"]
[Round "2.91"]
[White "Diez, Gerhard"]
[Black "Bunjaku, Lulzim"]
[Result "1-0"]
[WhiteElo "1984"]
[BlackElo "1807"]
[PlyCount "89"]
[EventDate "2018.??.??"]
[WhiteTeam "SC Bad Nauheim"]
[BlackTeam "SC Heusenstamm"]

1. e4 c5 2. Nf3 Nc6 3. d4 cxd4 4. Nxd4 g6 5. c4 Bg7 6. Nc2 d6 7. Be2 e6 8. O-O
Nge7 9. Nc3 O-O 10. Be3 Bxc3 11. bxc3 f5 12. exf5 Nxf5 13. Bd2 e5 14. Ne3 Nxe3
15. Bxe3 Be6 16. Bf3 Bxc4 17. Bd5+ Bxd5 18. Qxd5+ Kg7 19. Rab1 Rf7 20. Rfd1 Rd7
21. c4 Qf6 22. Rb3 Rad8 23. Qd2 Qe6 24. Bg5 Rc8 25. Ra3 Nd4 26. f4 Rxc4 27. Qe1
Qd5 28. Qh4 Rc2 29. Qh3 Qf7 30. Bh6+ Kg8 31. Rf1 Nf5 32. fxe5 d5 33. Raf3 Qe6
34. Bf4 Rxa2 35. Rc1 Rd8 36. Rc7 Ra1+ 37. Bc1 Rd7 38. Rc8+ Kg7 39. g4 Rf7 40.
gxf5 Qxc8 41. f6+ Kg8 42. Qxc8+ Rf8 43. Qc3 Ra6 44. Bh6 Rc6 45. Qd2 1-0

[Event "Sparkassen-Open A"]
[Site "Heusenstamm, Martinsee"]
[Date "2018.11.23"]
[Round "2.92"]
[White "Flach, Helene"]
[Black "Junker, Christian"]
[Result "0-1"]
[WhiteElo "1849"]
[BlackElo "1984"]
[PlyCount "102"]
[EventDate "2018.??.??"]
[WhiteTeam "SK Langen"]
[BlackTeam "SV Neu-Isenburg"]

1. e4 e5 2. Nf3 Nf6 3. Nxe5 d6 4. Nf3 Nxe4 5. Qe2 Qe7 6. d3 Nf6 7. Bg5 Qxe2+ 8.
Bxe2 Be7 9. Nc3 c6 10. O-O-O Na6 11. Rhe1 Nc7 12. Ne4 Nxe4 13. dxe4 Bg4 14.
Bxe7 Kxe7 15. Nd4 Bd7 16. f4 Rad8 17. Bf3 Rhe8 18. Re2 g6 19. Red2 Be6 20. g4
d5 21. e5 f5 22. g5 Rh8 23. Rg1 Bf7 24. h4 c5 25. Ne2 b6 26. h5 d4 27. b3 Ne6
28. h6 Rd7 29. Rgd1 Rhd8 30. Bc6 Rc7 31. Bb5 Be8 32. Bc4 Bc6 33. Bxe6 Kxe6 34.
Ng1 Be4 35. Nh3 b5 36. Nf2 Bf3 37. Rg1 c4 38. b4 c3 39. Rd3 Be4 40. Rdg3 a5 41.
Re1 Kd5 42. Nd3 Bxd3 43. cxd3 axb4 44. e6 Re7 45. Re5+ Kc6 46. Kc2 Ra8 47. Kb3
Rea7 48. Kxb4 Ra4+ 49. Kb3 Ra3+ 50. Kc2 Rxa2+ 51. Kd1 Rd2+ 0-1

[Event "Sparkassen-Open A"]
[Site "Heusenstamm, Martinsee"]
[Date "2018.11.23"]
[Round "2.93"]
[White "Steudel, Max"]
[Black "Berkes, JÃ¶rg"]
[Result "1-0"]
[WhiteElo "1951"]
[BlackElo "1798"]
[PlyCount "81"]
[EventDate "2018.??.??"]
[WhiteTeam "SC Brett vorm Kopp"]
[BlackTeam "SK Langen"]

1. e4 g6 2. d4 Bg7 3. Nc3 d6 4. Be3 Nf6 5. f3 c6 6. Qd2 b5 7. O-O-O h5 8. h4
Qa5 9. Kb1 b4 10. Nce2 Be6 11. Nc1 Nbd7 12. Nh3 Nb6 13. b3 Qa3 14. Ng5 Bd7 15.
Nd3 Rb8 16. Qxb4 Qxb4 17. Nxb4 Na4 18. Bd2 c5 19. Na6 Rb6 20. Kc1 Bc8 21. Nc7+
Kd7 22. Nb5 a6 23. Na3 Ne8 24. bxa4 Bxd4 25. Nc4 Rb8 26. Nxf7 Rf8 27. Ng5 e6
28. Ba5 d5 29. Nb6+ Kc6 30. c3 Be3+ 31. Kc2 Nd6 32. Nxc8 Rbxc8 33. Nxe6 Rfe8
34. exd5+ Kd7 35. Bd3 c4 36. Bxg6 Rg8 37. Rhe1 Bh6 38. g4 hxg4 39. fxg4 Rxg6
40. g5 Bg7 41. h5 1-0

[Event "Sparkassen-Open A"]
[Site "Heusenstamm, Martinsee"]
[Date "2018.11.23"]
[Round "2.94"]
[White "Lanz, Udo"]
[Black "Schmidt, Max"]
[Result "1/2-1/2"]
[WhiteElo "1837"]
[BlackElo "1979"]
[PlyCount "40"]
[EventDate "2018.??.??"]
[WhiteTeam "VSG Offenbach"]
[BlackTeam "Frankfurter TV"]

1. f4 g6 2. e4 c5 3. Nc3 Bg7 4. Nf3 Nc6 5. Bc4 e6 6. O-O Nge7 7. e5 d5 8. Bb5
Bd7 9. Bxc6 Bxc6 10. d4 Qb6 11. Ne2 Bb5 12. c3 Qa6 13. Rf2 b6 14. Ng3 h5 15.
Nh4 O-O-O 16. Be3 cxd4 17. cxd4 Kb8 18. a4 Bd3 19. b4 Bc4 20. b5 Qb7 1/2-1/2

[Event "Sparkassen-Open A"]
[Site "Heusenstamm, Martinsee"]
[Date "2018.11.23"]
[Round "2.95"]
[White "Teichert, Felix"]
[Black "Spelleken, Hans-Gerd"]
[Result "1-0"]
[WhiteElo "1980"]
[BlackElo "1792"]
[PlyCount "75"]
[EventDate "2018.??.??"]
[WhiteTeam "Leegebrucher SF"]
[BlackTeam "SC Kahl"]

1. e4 d5 2. exd5 Qxd5 3. Nc3 Qd8 4. d4 Nf6 5. Nf3 Bg4 6. Bc4 e6 7. h3 Bh5 8.
Be3 c6 9. a3 Bd6 10. g4 Bg6 11. Qe2 O-O 12. Rg1 Qb6 13. O-O-O Nd5 14. Nxd5 cxd5
15. Ba2 Na6 16. Ne5 Bxc2 17. Kxc2 Rfc8+ 18. Kb1 Bxa3 19. Rc1 Nc7 20. Rc2 Nb5
21. Rgc1 Rd8 22. Qd2 f6 23. Nd3 Bd6 24. Ka1 Nxd4 25. Bxd4 Qxd4 26. Qe2 Re8 27.
Nc5 Bxc5 28. Rxc5 Re7 29. Rxd5 Qf4 30. Rdc5 Kf7 31. Bxe6+ Kf8 32. Rc8+ Re8 33.
R8c7 Re7 34. Rc8+ Rxc8 35. Rxc8+ Re8 36. Rxe8+ Kxe8 37. Qb5+ Kf8 38. Qc5+ 1-0

[Event "Sparkassen-Open A"]
[Site "Heusenstamm, Martinsee"]
[Date "2018.11.23"]
[Round "2.96"]
[White "Hegel, Christoph"]
[Black "TremÃ¶hlen, Thomas"]
[Result "1/2-1/2"]
[WhiteElo "1803"]
[BlackElo "1980"]
[PlyCount "40"]
[EventDate "2018.??.??"]
[WhiteTeam "SC Peiting"]
[BlackTeam "SG Kaarst"]

1. e4 c5 2. Nc3 Nc6 3. f4 g6 4. Nf3 Bg7 5. Bb5 Nd4 6. Bd3 a6 7. Nxd4 cxd4 8.
Ne2 d6 9. O-O Nh6 10. Bc4 e6 11. Qe1 f5 12. d3 Qc7 13. Bb3 Bd7 14. Ng3 O-O-O
15. Bd2 Rde8 16. Kh1 Nf7 17. Rc1 Kb8 18. c3 dxc3 19. Bxc3 Bxc3 20. Qxc3 Qxc3
1/2-1/2

[Event "Sparkassen-Open A"]
[Site "Heusenstamm, Martinsee"]
[Date "2018.11.23"]
[Round "2.97"]
[White "Zimmer, Gerald"]
[Black "Midanka, Vladimir Josef"]
[Result "0-1"]
[WhiteElo "1979"]
[BlackElo "1771"]
[PlyCount "134"]
[EventDate "2018.??.??"]
[WhiteTeam "SC Bergen-Enkheim"]
[BlackTeam "SC Brett vorm Kopp"]

1. d4 g6 2. Nf3 Bg7 3. Bf4 d6 4. e3 Nf6 5. h3 Nc6 6. c3 Bd7 7. Nbd2 O-O 8. Bd3
Re8 9. Qc2 a6 10. e4 b5 11. d5 Na5 12. O-O c5 13. Rfe1 c4 14. Bf1 Nb7 15. Nd4
Qc8 16. N2f3 Nc5 17. Nd2 Nb7 18. f3 e5 19. dxe6 fxe6 20. e5 Nh5 21. Bh2 dxe5
22. Bxe5 Bxe5 23. Rxe5 Nc5 24. Ne4 Nxe4 25. Qxe4 Nf6 26. Qh4 Nd5 27. Rae1 Qc5
28. Kh1 Qf8 29. Qe4 Qf4 30. Qxf4 Nxf4 31. g3 Nh5 32. Kg2 Ng7 33. g4 Kf7 34. Kg3
Rac8 35. Bg2 Rc7 36. f4 Rec8 37. f5 gxf5 38. gxf5 exf5 39. Bd5+ Kf6 40. Re7 Be8
41. R7e2 Bf7 42. Bxf7 Rxf7 43. Ne6 Re8 44. Nxg7 Rxg7+ 45. Kf4 Rxe2 46. Rxe2 Rg1
47. Rd2 Rf1+ 48. Kg3 Re1 49. Kf2 Re6 50. Kf3 h5 51. Rd8 h4 52. Rh8 Kg5 53. Rg8+
Rg6 54. Rh8 Rd6 55. Rg8+ Kf6 56. Rf8+ Kg6 57. Kf4 Rd2 58. Ra8 Rf2+ 59. Ke3 Rxb2
60. Rxa6+ Kg5 61. a4 b4 62. cxb4 Rxb4 63. Kd4 Rb3 64. Kxc4 Rxh3 65. Ra8 Rh1 66.
a5 h3 67. Rh8 h2 0-1

[Event "Sparkassen-Open A"]
[Site "Heusenstamm, Martinsee"]
[Date "2018.11.23"]
[Round "2.98"]
[White "FrÃ¶hlich-Dill, Astrid"]
[Black "Hinrichs, Paul"]
[Result "0-1"]
[WhiteElo "1796"]
[BlackElo "1907"]
[PlyCount "84"]
[EventDate "2018.??.??"]
[WhiteTeam "SV Hofheim"]
[BlackTeam "SK Bingen"]

1. d4 d5 2. Nf3 Nf6 3. Bf4 e6 4. c4 dxc4 5. Qa4+ c6 6. Qxc4 b5 7. Qc2 Bb7 8. e4
Nbd7 9. Bd3 a6 10. O-O c5 11. d5 c4 12. dxe6 fxe6 13. Be2 Bxe4 14. Qd2 Qb6 15.
Nc3 Bb4 16. Ng5 O-O 17. Be3 Qc6 18. Ngxe4 Nxe4 19. Qc2 Nxc3 20. bxc3 Bd6 21.
Rad1 Ne5 22. Rd4 Rf7 23. f4 Bc5 24. fxe5 Bxd4 25. Bxd4 Rxf1+ 26. Kxf1 a5 27.
Bf3 Rf8 28. Ke2 Qa6 29. Qe4 b4 30. Qc6 Qxc6 31. Bxc6 Rd8 32. Kd2 Kf7 33. Kc2 a4
34. Be4 a3 35. Bc5 b3+ 36. axb3 Rd2+ 37. Kxd2 a2 38. b4 a1=Q 39. Bc6 Qb2+ 40.
Kd1 Qxc3 41. b5 Qb3+ 42. Ke1 c3 0-1

[Event "Sparkassen-Open A"]
[Site "Heusenstamm, Martinsee"]
[Date "2018.11.23"]
[Round "2.99"]
[White "MÃ¼ller, Jochen"]
[Black "Jordake, Michael"]
[Result "1-0"]
[WhiteElo "1967"]
[BlackElo "1790"]
[PlyCount "77"]
[EventDate "2018.??.??"]
[WhiteTeam "Spvgg Stetten"]
[BlackTeam "SC Bergen-Enkheim"]

1. e4 e5 2. Nf3 Nc6 3. Bc4 Nf6 4. d3 Bc5 5. O-O d6 6. Bg5 h6 7. Bh4 g5 8. Bg3
h5 9. Nxg5 h4 10. Nxf7 hxg3 11. Nxd8 Bg4 12. Qd2 Nd4 13. Nf7 Ne2+ 14. Qxe2 Bxe2
15. Nxh8 gxh2+ 16. Kxh2 Ng4+ 17. Kg3 Kd7 18. Nc3 Bxf1 19. Kxg4 Bxg2 20. Kg3 Bh3
21. Kxh3 Rxh8+ 22. Kg2 Rh4 23. Rh1 Rxh1 24. Kxh1 Bxf2 25. Ne2 c6 26. Kg2 Be3
27. Kf3 Bh6 28. a4 Bg7 29. Kg4 Ke7 30. Kf5 a6 31. Kg6 Bf6 32. Ng3 Bh8 33. Nh5
b5 34. axb5 axb5 35. Bb3 d5 36. Kh7 dxe4 37. dxe4 Bf6 38. Nxf6 Kxf6 39. Kh6 1-0

[Event "Sparkassen-Open A"]
[Site "Heusenstamm, Martinsee"]
[Date "2018.11.23"]
[Round "2.100"]
[White "Mohr, Thomas"]
[Black "Bernhart, Joseph"]
[Result "1-0"]
[WhiteElo "1778"]
[BlackElo "1952"]
[PlyCount "67"]
[EventDate "2018.??.??"]
[WhiteTeam "SC FK Babenhausen"]
[BlackTeam "SG Kaiserslautern"]

1. f4 g6 2. Nf3 Bg7 3. e3 c5 4. c3 Nf6 5. d4 b6 6. Bd3 Bb7 7. O-O O-O 8. Nbd2
d5 9. Ne5 c4 10. Bc2 b5 11. Qe1 e6 12. e4 Nxe4 13. Nxe4 dxe4 14. Bxe4 Bd5 15.
Bd2 Qd6 16. Qe2 Nc6 17. Bf3 f6 18. Nxc6 Qxc6 19. Bxd5 exd5 20. f5 Rae8 21. Qf3
Re4 22. Rae1 Rfe8 23. Rxe4 dxe4 24. Qg3 Kf7 25. Be3 Bf8 26. Qh4 Kg8 27. fxg6
hxg6 28. Rxf6 Re6 29. Rxe6 Qxe6 30. Qd8 a6 31. Bh6 Qf5 32. Qxf8+ Qxf8 33. Bxf8
Kxf8 34. Kf2 1-0

[Event "Sparkassen-Open A"]
[Site "Heusenstamm, Martinsee"]
[Date "2018.11.23"]
[Round "2.101"]
[White "HÃ¶hne, Volkmar"]
[Black "Rabiya, Karim"]
[Result "1/2-1/2"]
[WhiteElo "1960"]
[BlackElo "1754"]
[PlyCount "66"]
[EventDate "2018.??.??"]
[WhiteTeam "SV GroÃŸauheim"]
[BlackTeam "SK Niederbrechen"]

1. d4 Nf6 2. Nf3 e6 3. c4 b6 4. g3 Bb7 5. Bg2 c5 6. O-O cxd4 7. Nxd4 Bxg2 8.
Kxg2 Nc6 9. Nc3 Nxd4 10. Qxd4 Bc5 11. Qd3 Qc7 12. b3 Rd8 13. Bb2 Qc6+ 14. Qf3
Qxf3+ 15. Kxf3 Bd4 16. Rab1 d5 17. cxd5 Nxd5 18. Nxd5 Rxd5 19. Rfd1 Rf5+ 20.
Ke4 Bxb2 21. Rxb2 Rxf2 22. Rc2 Ke7 23. Ke3 Rxh2 24. Rc7+ Kf6 25. Rf1+ Ke5 26.
Rfxf7 g6 27. Rxa7 h5 28. Rg7 h4 29. gxh4 R8xh4 30. Rxg6 Re4+ 31. Kd3 Rexe2 32.
a4 Rc2 33. Rf7 Rhd2+ 1/2-1/2

[Event "Sparkassen-Open A"]
[Site "Heusenstamm, Martinsee"]
[Date "2018.11.23"]
[Round "2.102"]
[White "Steinke, Hans-JÃ¶rg"]
[Black "Kalepky, Helmut"]
[Result "0-1"]
[WhiteElo "1791"]
[BlackElo "1960"]
[PlyCount "94"]
[EventDate "2018.??.??"]
[WhiteTeam "SV Datteln"]
[BlackTeam "SF Heidesheim"]

1. d4 c5 2. d5 g6 3. c4 f5 4. Nc3 Bg7 5. Nf3 d6 6. e3 Na6 7. Bd2 Nc7 8. Qc2 Nh6
9. e4 Nf7 10. Bd3 fxe4 11. Bxe4 Ne5 12. b3 Nxf3+ 13. Bxf3 Bf5 14. Be4 O-O 15.
O-O Qd7 16. Rae1 Rae8 17. Bxf5 Rxf5 18. Nd1 e5 19. Nc3 Ref8 20. Ne4 h6 21. a4
Kh7 22. Ng3 R5f6 23. Nh5 R6f7 24. Nxg7 Kxg7 25. Qc1 Rh8 26. Qc2 Re8 27. Qe4 Qf5
28. Qxf5 gxf5 29. Bc3 Kg6 30. f3 h5 31. Kf2 Rc8 32. Ke3 Ne8 33. Re2 f4+ 34. Kd3
Ng7 35. Be1 Nf5 36. Bf2 Kf6 37. Rg1 Rg7 38. g4 fxg3 39. Bxg3 Rcg8 40. Ree1 Nxg3
41. hxg3 Rxg3 42. Rxg3 Rxg3 43. Ke4 Kg5 44. Rh1 h4 45. Ke3 h3 46. Rh2 Kh4 47.
Kf2 Rg6 0-1

[Event "Sparkassen-Open A"]
[Site "Heusenstamm, Martinsee"]
[Date "2018.11.23"]
[Round "2.103"]
[White "Skarke, Harald"]
[Black "Zeitz, Joachim"]
[Result "1-0"]
[WhiteElo "1958"]
[BlackElo "1753"]
[PlyCount "41"]
[EventDate "2018.??.??"]
[WhiteTeam "SF Neuberg"]
[BlackTeam "SC GEMA St.Ingbert"]

1. e4 e5 2. Bc4 Nf6 3. d3 Bc5 4. Nf3 d6 5. O-O O-O 6. Nbd2 Bg4 7. c3 a6 8. h3
Bh5 9. Re1 Nc6 10. Bb3 h6 11. Nf1 Qd7 12. Ng3 Bxf3 13. Qxf3 Ne7 14. Bxh6 Nh7
15. Bd2 Kh8 16. Nf5 Nxf5 17. exf5 f6 18. Re4 c6 19. Rh4 Qe8 20. Be6 d5 21. Qg4
1-0

[Event "Sparkassen-Open A"]
[Site "Heusenstamm, Martinsee"]
[Date "2018.11.23"]
[Round "2.104"]
[White "Merges, Harald"]
[Black "Bachmann, Nick"]
[Result "0-1"]
[WhiteElo "1790"]
[BlackElo "1957"]
[PlyCount "62"]
[EventDate "2018.??.??"]
[WhiteTeam "SG Reil-Kinheim"]
[BlackTeam "SG WÃ¤chtersbach"]

1. e4 c5 2. c3 Nf6 3. e5 Nd5 4. d4 cxd4 5. Nf3 e6 6. cxd4 b6 7. Bd3 Be7 8. O-O
Bb7 9. a3 O-O 10. Re1 d6 11. Nbd2 Nf4 12. Bf1 Nc6 13. Ne4 Ng6 14. exd6 Bxd6 15.
Nxd6 Qxd6 16. Be3 Rfd8 17. Rc1 Nce7 18. Nd2 Nf5 19. Nb3 Ngh4 20. Qg4 Qd5 21.
Bg5 Qxb3 22. Bxd8 Rxd8 23. Rc7 Bd5 24. Rec1 Qxb2 25. Rc8 Rf8 26. Rxf8+ Kxf8 27.
Rc8+ Ke7 28. Qf4 Qxd4 29. Qc7+ Kf6 30. Qd8+ Kg6 31. Rc7 Qf4 0-1

[Event "Sparkassen-Open A"]
[Site "Heusenstamm, Martinsee"]
[Date "2018.11.23"]
[Round "2.105"]
[White "Stuhlmann, Florian"]
[Black "Seifert, Norbert"]
[Result "1-0"]
[WhiteElo "1774"]
[BlackElo "1957"]
[PlyCount "87"]
[EventDate "2018.??.??"]
[WhiteTeam "SC Lindenholzhausen"]
[BlackTeam "SF Neuberg"]

1. d4 Nf6 2. c4 e6 3. Nc3 Bb4 4. Qc2 Bxc3+ 5. Qxc3 Ne4 6. Qc2 f5 7. h4 b6 8. f3
Ng3 9. Bg5 Qxg5 10. hxg5 Nxh1 11. e4 Ng3 12. Bd3 Nc6 13. a3 Nxd4 14. Qf2 fxe4
15. Bxe4 Nxe4 16. Qxd4 Nxg5 17. Qxg7 Nf7 18. Nh3 Rf8 19. Qxh7 Ba6 20. Qe4 c6
21. O-O-O O-O-O 22. Nf2 Rg8 23. Ng4 Ng5 24. Qc2 Kc7 25. Qa4 Bb7 26. Qxa7 d6 27.
Qa4 e5 28. c5 bxc5 29. Qa5+ Kc8 30. Nf6 Rg6 31. Ng4 Ne6 32. Rh1 Nd4 33. Qb6 Rg7
34. Ne3 Ne2+ 35. Kb1 Nf4 36. Nf5 Rgd7 37. Ne3 Ne6 38. Nc4 Nf4 39. a4 Nd5 40.
Qa7 Rg7 41. Rh6 Rgd7 42. a5 Nb4 43. Nb6+ Kc7 44. Nxd7 1-0

[Event "Sparkassen-Open A"]
[Site "Heusenstamm, Martinsee"]
[Date "2018.11.23"]
[Round "2.106"]
[White "Wuerl, Roland"]
[Black "Stork, Christopher"]
[Result "0-1"]
[WhiteElo "1948"]
[BlackElo "1721"]
[PlyCount "110"]
[EventDate "2018.??.??"]
[WhiteTeam "SK Dieburg"]
[BlackTeam "SV Oberursel"]

1. d4 Nf6 2. Bg5 d5 3. Bxf6 exf6 4. e3 Bd6 5. c4 Bf5 6. Nc3 Bb4 7. Qb3 Bxc3+ 8.
bxc3 b6 9. cxd5 O-O 10. Ne2 Qd6 11. Ng3 Bg6 12. Be2 Rd8 13. O-O c5 14. Rfe1 Nd7
15. a4 Rac8 16. c4 f5 17. Rad1 cxd4 18. exd4 Qf6 19. Bf1 Qh4 20. Qa3 Nf6 21. f3
f4 22. Ne4 Bxe4 23. Rxe4 Nxe4 24. fxe4 Re8 25. e5 Rcd8 26. Qf3 f6 27. e6 Qg5
28. Be2 Kf8 29. Qh5 Qxh5 30. Bxh5 g6 31. Bf3 Rc8 32. Rc1 Re7 33. c5 bxc5 34.
dxc5 Rec7 35. c6 Ke7 36. Rb1 Kd6 37. Kf2 f5 38. Ke2 g5 39. Bh5 Kxd5 40. Bf7
Kxc6 41. Rb5 Kd6 42. Rxf5 Rc2+ 43. Kd3 Rxg2 44. Ra5 Rc7 45. Ke4 Ke7 46. Rb5 h6
47. Ke5 Rxh2 48. Rb8 Re2+ 49. Kf5 f3 50. Re8+ Kd6 51. Rd8+ Kc5 52. Rd7 Rxd7 53.
exd7 Rd2 54. Bh5 f2 55. Be2 Rxd7 0-1

[Event "Sparkassen-Open A"]
[Site "Heusenstamm, Martinsee"]
[Date "2018.11.23"]
[Round "2.108"]
[White "Riemann, Jonas"]
[Black "Kuhn, Gerhard"]
[Result "1/2-1/2"]
[WhiteElo "1761"]
[BlackElo "1932"]
[PlyCount "166"]
[EventDate "2018.??.??"]
[WhiteTeam "SK Bickenbach"]
[BlackTeam "SK Marburg"]

1. e4 c6 2. d4 d5 3. exd5 cxd5 4. Bd3 Nc6 5. c3 Nf6 6. h3 e5 7. dxe5 Nxe5 8.
Bc2 Bc5 9. Nf3 Nxf3+ 10. Qxf3 Qe7+ 11. Qe2 Qxe2+ 12. Kxe2 O-O 13. Be3 Re8 14.
Re1 b6 15. Bd3 d4 16. cxd4 Bxd4 17. Nc3 Bb7 18. Kf1 Bxe3 19. Rxe3 Rxe3 20. fxe3
Rd8 21. Rd1 Kf8 22. Kf2 Ke7 23. g3 h6 24. Be2 Rxd1 25. Bxd1 Nd5 26. Nxd5+ Bxd5
27. a3 Kd6 28. Ke2 Be6 29. g4 Ke5 30. Bc2 g5 31. Kf3 Bd5+ 32. Kg3 Be6 33. h4 a5
34. hxg5 hxg5 35. Kf3 f6 36. Bd3 Bd7 37. Be2 Bc6+ 38. Kf2 Be4 39. Ba6 Kd6 40.
Ke2 Kc5 41. Bc8 Kc4 42. Kd2 Bd5 43. Bf5 Kb3 44. Kc1 b5 45. Bd7 b4 46. axb4 Kxb4
47. Bf5 Kc4 48. Kc2 Bf7 49. Kd2 Bg8 50. Kc2 Bd5 51. Kd2 Kb4 52. Kc2 Bc4 53. Kd2
Bf1 54. Kc2 Bg2 55. Kd2 Bf3 56. Kc2 Bc6 57. Kd2 Ba4 58. Be6 Bb5 59. Bf5 Kb3 60.
Kc1 Bc4 61. Bc2+ Kb4 62. Bf5 Bb5 63. Kd2 Ba4 64. Be6 Kc5 65. Kd3 Bc6 66. Bf5
Bb5+ 67. Kc3 Kd5 68. Kd2 Ke5 69. Kc3 Be2 70. Kd2 Bc4 71. Kc3 Bd5 72. Kd3 Bf7
73. Kc3 Be6 74. Bxe6 Kxe6 75. Kd4 f5 76. gxf5+ Kxf5 77. Kd5 g4 78. e4+ Kf4 79.
e5 g3 80. e6 g2 81. e7 g1=Q 82. e8=Q Qd1+ 83. Kc5 Qc2+ 1/2-1/2

[Event "Sparkassen-Open A"]
[Site "Heusenstamm, Martinsee"]
[Date "2018.11.23"]
[Round "2.109"]
[White "Worzelberger, Armin"]
[Black "Kemper, Yannick"]
[Result "0-1"]
[WhiteElo "1744"]
[BlackElo "1890"]
[PlyCount "78"]
[EventDate "2018.??.??"]
[WhiteTeam "SC Brett vorm Kopp"]
[BlackTeam "SK Ludwigshafen"]

1. Nf3 Nf6 2. d4 g6 3. h4 Bg7 4. c4 d6 5. Nc3 O-O 6. Ng5 e5 7. d5 Nbd7 8. Qc2
h5 9. f3 a5 10. g4 Nc5 11. Be3 hxg4 12. h5 Bf5 13. Nce4 gxf3 14. exf3 Nxh5 15.
Rxh5 gxh5 16. Bh3 Bg6 17. O-O-O Qe7 18. Qg2 Nxe4 19. fxe4 Bh6 20. Kd2 Bxg5 21.
Bxg5 Qe8 22. Bf6 Kh7 23. Bf5 Rg8 24. Rh1 Rg7 25. Rxh5+ Kg8 26. Qg5 Qf8 27. Qxg6
fxg6 28. Be6+ Qf7 29. Rg5 Qxe6 30. dxe6 Re8 31. c5 Rxe6 32. Bxg7 Kxg7 33. Kd3
dxc5 34. Kc4 Kf6 35. Rg3 Rd6 36. Kxc5 g5 37. Rf3+ Kg6 38. Rf5 b6+ 39. Kb5 Re6
0-1

[Event "Sparkassen-Open A"]
[Site "Heusenstamm, Martinsee"]
[Date "2018.11.23"]
[Round "2.110"]
[White "Voss, Georg"]
[Black "Niedenthal, Robert"]
[Result "1/2-1/2"]
[WhiteElo "1921"]
[BlackElo "1700"]
[PlyCount "100"]
[EventDate "2018.??.??"]
[WhiteTeam "SV Schmallenberg"]
[BlackTeam "SV Hofheim"]

1. c4 c5 2. g3 g6 3. Bg2 Bg7 4. Nc3 Nc6 5. Rb1 Nf6 6. a3 a5 7. Nb5 O-O 8. e4 d6
9. Ne2 e5 10. O-O Bg4 11. h3 Be6 12. d3 Nd4 13. Nbxd4 cxd4 14. b4 Nd7 15. Kh2
axb4 16. axb4 Rb8 17. b5 b6 18. Ba3 Nc5 19. Bxc5 dxc5 20. Qb3 f5 21. f4 Qd6 22.
Ra1 fxe4 23. Bxe4 Bf5 24. Bd5+ Be6 25. Bg2 Qd7 26. Qa3 h5 27. h4 Bf5 28. Bd5+
Kh7 29. Bc6 Qc7 30. fxe5 Qxe5 31. Nf4 Qd6 32. Rae1 Kh6 33. Qc1 Kh7 34. Qd2 Be5
35. Qe2 Bf6 36. Nxh5 Bxh4 37. Kg2 Bg5 38. Nf4 Bf6 39. Rh1+ Kg7 40. Ne6+ Bxe6
41. Qxe6 Qxe6 42. Rxe6 Bg5 43. Be4 Rf6 44. Re7+ Rf7 45. Rh7+ Kxh7 46. Rxf7+ Kh6
47. Rd7 Rf8 48. Kh3 Rf6 49. Kg4 Bd2 50. Rb7 Ba5 1/2-1/2

[Event "Sparkassen-Open A"]
[Site "Heusenstamm, Martinsee"]
[Date "2018.11.23"]
[Round "2.111"]
[White "HÃ¶lÃŸ, Manuel"]
[Black "Schmitt, Carsten"]
[Result "1/2-1/2"]
[WhiteElo "1724"]
[BlackElo "1913"]
[PlyCount "103"]
[EventDate "2018.??.??"]
[WhiteTeam "SSG Hungen-Lich"]
[BlackTeam "SV Bergwinkel"]

1. e4 e6 2. d4 d5 3. exd5 exd5 4. c4 Nf6 5. Nc3 Bb4 6. a3 Bxc3+ 7. bxc3 O-O 8.
Nf3 Re8+ 9. Be2 Ne4 10. Qb3 dxc4 11. Qxc4 Be6 12. Qd3 Bf5 13. Ne5 Nd6 14. Qg3
f6 15. Ng4 Ne4 16. Nh6+ Kf8 17. Qf3 Bg6 18. Ng4 c5 19. O-O cxd4 20. cxd4 Qxd4
21. Be3 Qa4 22. Rab1 h5 23. Bb5 Ng5 24. Qd5 Qxg4 25. Bc5+ Re7 26. Qd8+ Kf7 27.
Qxe7+ Kg8 28. Rb3 h4 29. Be2 Qe6 30. Qf8+ Kh7 31. Re3 Qf7 32. Qc8 Qd7 33. Qf8
Qf7 34. Qd8 Ne6 35. Qd5 Nf4 36. Qd4 Nxe2+ 37. Rxe2 Nc6 38. Qxh4+ Kg8 39. Rd1
Bh5 40. g4 Qc4 41. Qxh5 Qxe2 42. Qd5+ Kh7 43. Qf5+ Kg8 44. Rd7 Ne5 45. Qe6+ Kh8
46. Re7 Qd1+ 47. Kg2 Qf3+ 48. Kf1 Rd8 49. Re8+ Rxe8 50. Qxe8+ Kh7 51. Qh5+ Kg8
52. Qe8+ 1/2-1/2

[Event "Sparkassen-Open A"]
[Site "Heusenstamm, Martinsee"]
[Date "2018.11.23"]
[Round "2.112"]
[White "Mehlen, Theodor"]
[Black "Lehmann, Nils"]
[Result "1-0"]
[WhiteElo "1919"]
[BlackElo "1665"]
[PlyCount "77"]
[EventDate "2018.??.??"]
[WhiteTeam "SC Matt im Park"]
[BlackTeam "SV Lahn Limburg"]

1. e4 e5 2. Nf3 Nc6 3. Bc4 Bc5 4. c3 Nf6 5. d3 d6 6. Nbd2 a6 7. Bb3 Ba7 8. h3
Ne7 9. Nf1 Ng6 10. Ne3 c6 11. Bc2 O-O 12. O-O Re8 13. Re1 h6 14. Nf1 Nh7 15.
Ng3 Ng5 16. Nxg5 hxg5 17. Qf3 Nf4 18. Be3 Qf6 19. Kh2 Qg6 20. Nf5 Qf6 21. g3
Ne6 22. Qd1 Rd8 23. d4 Nf8 24. Qc1 Nh7 25. Rd1 Bxf5 26. exf5 Re8 27. dxe5 Rxe5
28. Bxa7 Rxa7 29. Qd2 d5 30. Re1 Ra8 31. Rxe5 Qxe5 32. Re1 Qd6 33. Qe3 Kf8 34.
f6 g6 35. Qe7+ Qxe7 36. Rxe7 Rb8 37. Bxg6 fxg6 38. Rxh7 b5 39. Rh8+ 1-0

[Event "Sparkassen-Open A"]
[Site "Heusenstamm, Martinsee"]
[Date "2018.11.23"]
[Round "2.113"]
[White "RÃ¼ll, Michael"]
[Black "Hagner, Bennet"]
[Result "0-1"]
[WhiteElo "1723"]
[BlackElo "1912"]
[PlyCount "36"]
[EventDate "2018.??.??"]
[WhiteTeam "SC Obertshausen"]
[BlackTeam "Frankfurter TV"]

1. d4 Nf6 2. Bf4 c5 3. e3 d5 4. c3 Nc6 5. Nd2 e6 6. Bd3 Bd6 7. Bxd6 Qxd6 8. f4
O-O 9. Ngf3 Ne7 10. O-O Nf5 11. Qe2 b6 12. e4 dxe4 13. Nxe4 Qe7 14. g4 Nxg4 15.
Nxc5 Nge3 16. Ng5 bxc5 17. Nxh7 Kxh7 18. Qxe3 Qf6 0-1

[Event "Sparkassen-Open A"]
[Site "Heusenstamm, Martinsee"]
[Date "2018.11.23"]
[Round "2.114"]
[White "Marchese, Gaspare"]
[Black "Pade, Joachim"]
[Result "1-0"]
[WhiteElo "1908"]
[BlackElo "1630"]
[PlyCount "81"]
[EventDate "2018.??.??"]
[WhiteTeam "SC Matt im Park"]
[BlackTeam "SV Alsfeld"]

1. e4 e6 2. d4 d5 3. Nc3 Bb4 4. e5 c5 5. dxc5 Bxc5 6. Bd3 a6 7. Nf3 Nc6 8. a3
Bd7 9. O-O Qc7 10. Re1 h6 11. Bf4 Nge7 12. Bg3 g5 13. Qd2 O-O-O 14. Rab1 Nb8
15. b4 Ba7 16. b5 a5 17. Na4 b6 18. Rb3 Nbc6 19. bxc6 Bxc6 20. Bb5 Kd7 21. Nc3
Rc8 22. Bxc6+ Qxc6 23. Ne4 Nf5 24. Nf6+ Ke7 25. Reb1 Qc4 26. Qd3 Qc7 27. Nxd5+
exd5 28. Qxf5 Qc6 29. Nd4 Qg6 30. Qxg6 fxg6 31. Rb5 Rhd8 32. h4 g4 33. Rd1 h5
34. Kf1 Rc3 35. Rd3 Rc4 36. Bf4 Rd7 37. Bg5+ Ke8 38. e6 Rdc7 39. Rxd5 Rc8 40.
Nb5 Bb8 41. Rd8+ 1-0

[Event "Sparkassen-Open A"]
[Site "Heusenstamm, Martinsee"]
[Date "2018.11.23"]
[Round "2.116"]
[White "Feicht, Arno"]
[Black "Renk, Jonas"]
[Result "1-0"]
[WhiteElo "1907"]
[BlackElo "1607"]
[PlyCount "71"]
[EventDate "2018.??.??"]
[WhiteTeam "SV Alsfeld"]
[BlackTeam "SK Langen"]

1. e4 e5 2. Nf3 Nc6 3. d4 exd4 4. Nxd4 Nf6 5. Nxc6 bxc6 6. e5 Qe7 7. Qe2 Nd5 8.
c4 Ba6 9. b3 g6 10. Bb2 Bg7 11. g3 d6 12. f4 O-O 13. Bg2 Rfe8 14. O-O dxe5 15.
fxe5 Qg5 16. Qf2 Ne3 17. h4 Qh6 18. Bc1 Bxe5 19. Bxe3 Qg7 20. Bxc6 Bxa1 21. Nd2
Rab8 22. Bxe8 Rxe8 23. Bxa7 Bb7 24. Nf3 Rd8 25. Ng5 Rd7 26. Qe3 Be5 27. Re1 Re7
28. Rd1 Qf6 29. Rf1 Qc6 30. Nf3 Bd6 31. Qg5 Re4 32. Bf2 h5 33. Qf6 Rf4 34. Qd8+
Kh7 35. Ng5+ Kg7 36. Bd4+ 1-0